=LDR 00000nam 2200000 4500 =001 INLIS000000000032649 =005 20200522074000 =035 ##$$a 0010-061300000032649 =008 200522################g##########0#ind## =041 ##$$a ind =082 ##$$a 2x4 =090 ##$$a 2x4, Alq f =100 ##$$a Al-Qaradhawi, Yusuf =245 1#$$a Faktor-faktor Pengubah Fatwa /$c Yusuf Al-Qaradhawi; Penerjemah, Arif Munandar Riswanto; Editor, Ganna Pryadharizal Anaedi =260 ##$$a Jakarta :$b Al-Kautsar,$c 2009. =300 ##$$a 130 hlm ; $c 21 X 14 cm. =650 #4$$a Hukum Islam =700 #$$a Arif Munandar Riswanto =700 #$$a Ganna Pryadharizal Anaedi =850 ##$$a NBPNMAT =020 ##$$a 978-979-592-498-2 =084 ##$$a 2x4 ALQ- f =250 ##$$a cet.1 =990 ##$$a 2101304 =990 ##$$a 2101303 =990 ##$$a 2101301 =990 ##$$a 2101302